000 01168cam a22003257a 4500
005 20220329141156.0
008 971010s1990 r 00010 d
010 _a63854
011 _a64826
035 _a70955
090 _aD492
090 _aTesis
100 0 0 _aDíaz Rivera, Pablo.
_933617
245 0 _aInducción del estro y la evolución en vaquillas Holstein de reemplazo por medio de la hormona liberadora de ganado tropical (GrRH)
260 _aChapingo, Méx. :
_bEl autor,
_c1990
300 _a48 h.
502 _aTesis (Ing. Agrónomo Esp. en Zootecnia) -- UACH. Departamento de Zootecnia
590 _aALEPH
_b10
_c20130110
_lUCH01
_h1347
590 _aBATCH-UPD
_b10
_c20130110
_lUCH01
_h0742
590 _aBATCH-UPD
_b10
_c20130410
_lUCH01
_h0423
590 _aBATCH-UPD
_b10
_c20130914
_lUCH01
_h0931
590 _aCONVERSION
_b10
_c20130109
_lUCH01
_h1334
650 1 4 _aCiclo estrual.
_923072
650 1 4 _aGanado Holstein.
_945133
650 1 4 _aGanado
_xTrópicos.
_944956
700 0 _aFernández Alvarado, Armando.
_940118
710 0 _aUACH. Departamento de Zootecnia.
_9115904
901 _aBK
949 _aD492
_bZ
_cTESBD
_d-3546
_eTS1
_i70955
_si
999 _c63854
_d63854